00361nam a2200157Ia 45000010006000000050017000060080041000230410008000640820016000721000022000882450040001102600009001503000028001596500008001876540008001951461820260306164927.0260306t1995||||xx |||||||||||||| ||spa|| aESP a515.35bN86 aNovo, SylviaeAUT 0aEcuaciones y sistemas diferenciales c1995 a539 páginas :c23 cm. aGEN aCMA